Catalogue de poste aerienne de Luxembourg (Record no. 1613)

000 -LEADER
fixed length control field 00450nam a22001697a 4500
003 - CONTROL NUMBER IDENTIFIER
control field OSt
008 - FIXED-LENGTH DATA ELEMENTS--GENERAL INFORMATION
fixed length control field 150622b xxu||||| |||| 00| 0 fre d
041 ## - LANGUAGE CODE
Language code of text/sound track or separate title fre
100 1# - MAIN ENTRY--PERSONAL NAME
Personal name Godinas, Francois
245 10 - TITLE STATEMENT
Title Catalogue de poste aerienne de Luxembourg
260 ## - PUBLICATION, DISTRIBUTION, ETC. (IMPRINT)
Place of publication, distribution, etc. Luxembourg
Name of publisher, distributor, etc. By The Author,
300 ## - PHYSICAL DESCRIPTION
Extent 0 pages
650 #0 - SUBJECT ADDED ENTRY--TOPICAL TERM
Topical term or geographic name as entry element Luxembourg (1852-)
650 #0 - SUBJECT ADDED ENTRY--TOPICAL TERM
Topical term or geographic name as entry element Air Mail
650 #0 - SUBJECT ADDED ENTRY--TOPICAL TERM
Topical term or geographic name as entry element Catalogs and Price Lists
700 1# - ADDED ENTRY--PERSONAL NAME
Personal name Fr. Godinas [et] Ray. Thill. --
Holdings
Withdrawn status Lost status Damaged status Not for loan Collection code Permanent Location Current Location Date acquired Total Checkouts Full call number Barcode Date last seen Price effective from Koha item type
        Richard Drews Northern Philatelic Library Northern Philatelic Library 06/22/2015   G6021 .A298 G585 1001871 06/28/2015 06/28/2015 Books

Powered by Koha